|
|
|
|
| LEADER |
01545nam a22003854a 4500 |
| 001 |
EBC3039471 |
| 003 |
MiAaPQ |
| 005 |
20200520144314.0 |
| 006 |
m o d | |
| 007 |
cr cn||||||||| |
| 008 |
021003s2003 ncu sb s001 0 eng |
| 020 |
|
|
|z 0807827800 (cloth : alk. paper)
|
| 020 |
|
|
|z 0807854530 (pbk. : alk. paper)
|
| 035 |
|
|
|a (MiAaPQ)EBC3039471
|
| 035 |
|
|
|a (Au-PeEL)EBL3039471
|
| 035 |
|
|
|a (CaPaEBR)ebr10202628
|
| 035 |
|
|
|a (OCoLC)53929196
|
| 040 |
|
|
|a MiAaPQ
|c MiAaPQ
|d MiAaPQ
|
| 043 |
|
|
|a n-us---
|
| 050 |
|
4 |
|a HD2346.U5
|b B56 2003
|
| 082 |
0 |
4 |
|a 338.6/42/0973
|2 21
|
| 100 |
1 |
|
|a Blackford, Mansel G.,
|d 1944-
|
| 245 |
1 |
2 |
|a A history of small business in America
|h [electronic resource] /
|c Mansel G. Blackford.
|
| 250 |
|
|
|a 2nd ed.
|
| 260 |
|
|
|a Chapel Hill :
|b University of North Carolina Press,
|c c2003.
|
| 300 |
|
|
|a xii, 216 p.
|
| 490 |
1 |
|
|a The Luther Hartwell Hodges series on business, society, and the state
|
| 504 |
|
|
|a Includes bibliographical references and index.
|
| 533 |
|
|
|a Electronic reproduction. Ann Arbor, MI : ProQuest, 2015. Available via World Wide Web. Access may be limited to ProQuest affiliated libraries.
|
| 650 |
|
0 |
|a Small business
|z United States
|x History.
|
| 650 |
|
0 |
|a Small business
|x Government policy
|z United States
|x History.
|
| 655 |
|
4 |
|a Electronic books.
|
| 710 |
2 |
|
|a ProQuest (Firm)
|
| 830 |
|
0 |
|a Luther Hartwell Hodges series on business, society, and the state.
|
| 856 |
4 |
0 |
|u https://ebookcentral.proquest.com/lib/matrademy/detail.action?docID=3039471
|z Click to View
|